000
00250nam a2200097Ia 4500
008
200302s9999 xx 000 0 und d
100
_a
Raghupati Bhat
245
_a
Indian art series Enduring Epics
260
_b
Niyogi Books Published
300
_a
126 P.,
999
_c
4060
_d
4060